00265pab a2200097 454500008003600000100001600036245004200052362002200094650003100116773002000147180718b xxu||||| |||| 00| 0 eng d aSharma S.P. aJudicial economy: cost cats the claim a12 Aug 1994, p.11 aJustice, Administration of aHindustan Times